000
00269nam a22001217a 4500
003
SGT
082
_a
616.89
_b
C12B
100
_a
BHAITA, M.S.
245
_a
CBS QUICK MEDICAL EXAM, PSYCHIATRY
260
_a
INDIA
_b
CBS
_c
2012
650
_a
PSYCHIATRY
942
_2
ddc
_c
BK
999
_c
14659
_d
14659